Nachbarländer der Saudi Arabischen Regionen Quiz - Statistiken

Allgemein
  • Dieses Quiz wurde 7 mal gespielt
  • Das Durchschnittsergebnis liegt bei 2 aus 5
Antwortstatistiken
Region Nachbarstaat % Korrekt
Najran Jemen
80%
Jizan Jemen
80%
Al-Jawf Jordanien
60%
Nordern Borders Irak Jordanien
20%
Eastern Province Bahrain Katar Kuwait Oman VAE
0%
Keine übereinstimmenden Quizze gefunden
Verteilung der Resultate
Anzahl Personen mit jedem Resultat
Perzentil nach korrekt beantworteten Fragen
Ihre Resultats-Entwicklung
Sie haben dieses Quiz noch nicht gespielt